| 000 | 00761nam a2200241Ia 4500 | ||
|---|---|---|---|
| 003 | OSt | ||
| 005 | 20221006142414.0 | ||
| 006 | a|||||r|||| 00| 0 | ||
| 007 | ta | ||
| 008 | 221006b |||||||| |||| 00| 0 eng d | ||
| 024 | _a6,304 | ||
| 037 |
_bGift, _cTextual |
||
| 040 |
_aEASL _cEASL _beng |
||
| 041 |
_2eng _aeng |
||
| 082 | _aY:45X61.41.N80a, M2 | ||
| 100 |
_aChina National Stamp Corporation Co. _9647656 |
||
| 245 | 0 | _aPostage stamp catalogue of the people's republic of China (1949-1980) | |
| 260 |
_aBeijing _bPublishing House of the People's Posts and _c1982 |
||
| 300 |
_a132p. _ccm. |
||
| 490 | _v CEL | ||
| 942 |
_hY:45X61.41.N80a, M2 _cTEXL _2CC |
||
| 999 |
_c1074390 _d1074390 |
||